[Event "Oberliga Ost B"]
[Site "?"]
[Date "2022.09.18"]
[Round "1.4"]
[White "Haack, Kevin"]
[Black "Bakiev, Diyor"]
[Result "1/2-1/2"]
[WhiteElo "2081"]
[BlackElo "2269"]
[PlyCount "129"]
[EventDate "2022.09.18"]
[EventType "team-tourn"]
[EventCountry "GER"]
[WhiteTeam "Hofheim SV II"]
[BlackTeam "Wiesbadener SV"]
[WhiteTeamCountry "GER"]
[BlackTeamCountry "GER"]

1. d4 Nf6 2. Nf3 e6 3. g3 c5 4. Bg2 cxd4 5. Nxd4 d5 6. O-O e5 7. Nb3 Nc6 8. Bg5 Be6 9. Nc3 d4 10. Ne4 Be7 11. Nec5 Bxb3 12. Nxb7 Qb6 13. cxb3 Qxb7 14. Rc1 Rc8 15. Qc2 O-O 16. Bxc6 Qa6 17. a3 Nd5 18. Bd2 Qxe2 19. Rfe1 Qh5 20. Qe4 Nf6 21. Qxe5 Qxe5 22. Rxe5 Bd6 23. Ree1 h5 24. b4 Rfd8 25. b5 Ng4 26. Ba5 Bc7 27. Bxc7 Rxc7 28. Rcd1 f6 29. Rd2 Ne5 30. Red1 Nxc6 31. bxc6 Rxc6 32. Rxd4 Rxd4 33. Rxd4 Rc2 34. Rb4 Kh7 35. Kg2 Kh6 36. Rb7 a5 37. b4 Ra2 38. bxa5 Rxa3 39. Ra7 Ra4 40. a6 Ra3 41. Ra8 Kg6 42. Kf1 Ra2 43. Kg2 Ra3 44. h3 Kh7 45. h4 Kg6 46. f3 Ra2+ 47. Kf1 Ra1+ 48. Ke2 Ra3 49. Kf2 Kh7 50. g4 hxg4 51. fxg4 Kg6 52. h5+ Kh7 53. Kg2 Ra5 54. Kg3 g6 55. a7 gxh5 56. gxh5 Ra4 57. Kf3 f5 58. Ke3 Re4+ 59. Kf3 Ra4 60. h6 Ra1 61. Kf4 Rf1+ 62. Ke5 Re1+ 63. Kxf5 Rf1+ 64. Ke4 Re1+ 65. Kd3 1/2-1/2

[Event "Oberliga Ost B"]
[Site "?"]
[Date "2022.09.18"]
[Round "1.6"]
[White "Kushka, Alena"]
[Black "Minor, Samuel"]
[Result "1-0"]
[WhiteElo "2130"]
[BlackElo "2223"]
[PlyCount "57"]
[EventDate "2022.09.18"]
[EventType "team-tourn"]
[EventCountry "GER"]
[WhiteTeam "Hofheim SV II"]
[BlackTeam "Wiesbadener SV"]
[WhiteTeamCountry "GER"]
[BlackTeamCountry "GER"]

1. d4 Nf6 2. c4 e6 3. Nc3 d5 4. cxd5 exd5 5. Bg5 Be7 6. e3 O-O 7. Qc2 b6 8. Bd3 Nbd7 9. Nge2 c5 10. O-O h6 11. Bh4 Bb7 12. Rad1 Ne4 13. Bxe4 dxe4 14. Bg3 Rc8 15. d5 f5 16. Nf4 Rf7 17. Nb5 Nf8 18. Nxa7 Ra8 19. Nb5 Rxa2 20. Qb3 Ra5 21. d6 Bg5 22. Nc7 Bxf4 23. Bxf4 Nd7 24. Qe6 Nf8 25. Qc4 Qf6 26. Ne8 Qd8 27. d7 b5 28. Qxf7+ Kxf7 29. Nd6+ 1-0

[Event "Oberliga Ost B"]
[Site "?"]
[Date "2022.09.18"]
[Round "1.7"]
[White "Tuzi, Bruna"]
[Black "Engel, Berthold"]
[Result "1/2-1/2"]
[WhiteElo "2050"]
[BlackElo "2147"]
[PlyCount "94"]
[EventDate "2022.09.18"]
[EventType "team-tourn"]
[EventCountry "GER"]
[WhiteTeam "Wiesbadener SV"]
[BlackTeam "Hofheim SV II"]
[WhiteTeamCountry "GER"]
[BlackTeamCountry "GER"]

1. e4 e6 2. d4 d5 3. Bd3 Nf6 4. e5 Nfd7 5. Nf3 h6 6. O-O Nb6 7. c3 Bd7 8. Be3 a6 9. Bc2 Nc6 10. b3 Ne7 11. a4 Bc6 12. Ne1 g6 13. Nd3 Bg7 14. Qc1 Nd7 15. Re1 Nf8 16. Nb4 a5 17. Nd3 Nf5 18. Bd2 Nh7 19. Nf4 Ne7 20. Nh3 Nf8 21. Na3 Qd7 22. Bd3 Nf5 23. Ra2 b6 24. Nc2 Bb7 25. Ne3 Nxe3 26. Bxe3 h5 27. Ng5 Nh7 28. Nf3 Qe7 29. Qb1 O-O 30. b4 Bc6 31. Qc2 Rfc8 32. Rb1 Be8 33. bxa5 Rxa5 34. c4 dxc4 35. Bxc4 Rca8 36. Bb3 R5a7 37. d5 exd5 38. Bxd5 Rd8 39. Bb3 Kh8 40. a5 Rxa5 41. Rxa5 bxa5 42. Bc5 Qd7 43. Ra1 Qd3 44. Rxa5 Qxc2 45. Bxc2 Nf8 46. h3 Ne6 47. Be7 Rb8 1/2-1/2

[Event "Oberliga Ost B"]
[Site "?"]
[Date "2022.09.18"]
[Round "1.8"]
[White "Kostiukova, Liubov"]
[Black "Doehring, Joachim"]
[Result "1-0"]
[WhiteElo "2226"]
[BlackElo "2085"]
[PlyCount "33"]
[EventDate "2022.09.18"]
[EventType "team-tourn"]
[EventCountry "GER"]
[WhiteTeam "Hofheim SV II"]
[BlackTeam "Wiesbadener SV"]
[WhiteTeamCountry "GER"]
[BlackTeamCountry "GER"]

1. e4 Nf6 2. e5 Nd5 3. c4 Nb6 4. d4 d6 5. f4 dxe5 6. fxe5 Nc6 7. Be3 Bf5 8. Nf3 e6 9. a3 Be7 10. Nc3 f6 11. exf6 Bxf6 12. Be2 O-O 13. O-O Qe8 14. Qe1 Qg6 15. Nh4 Bxh4 16. Qxh4 Bd3 17. Bh5 1-0

[Event "Oberliga Ost B"]
[Site "?"]
[Date "2022.09.18"]
[Round "1.1"]
[White "Marchio, Enrico"]
[Black "Sadeghi, Behrang"]
[Result "0-1"]
[WhiteElo "2287"]
[BlackElo "2229"]
[PlyCount "120"]
[EventDate "2022.09.18"]
[EventType "team-tourn"]
[EventCountry "GER"]
[WhiteTeam "Schoeneck SF"]
[BlackTeam "Homburg Bad SK"]
[WhiteTeamCountry "GER"]
[BlackTeamCountry "GER"]

1. Nf3 Nf6 2. c4 c5 3. Nc3 b6 4. g3 Bb7 5. Bg2 e6 6. O-O Be7 7. Re1 O-O 8. e4 d6 9. d4 cxd4 10. Nxd4 Qc8 11. b3 a6 12. Bb2 Rd8 13. Rc1 Nbd7 14. g4 g6 15. f4 e5 16. Nd5 Bf8 17. Kh1 Re8 18. fxe5 dxe5 19. g5 Nh5 20. Ne2 Qd8 21. Bf3 Ng7 22. Qd2 Ne6 23. Rg1 a5 24. Rcd1 Bc6 25. Rg2 Bg7 26. h4 Qb8 27. Bg4 Ra7 28. Qe3 Bxd5 29. cxd5 Nf4 30. Rf2 Nc5 31. a3 Nxe2 32. Bxe2 Qd6 33. Rdf1 Rf8 34. b4 Nd7 35. Bc3 axb4 36. Bxb4 Nc5 37. Bg4 Kh8 38. h5 gxh5 39. Bxh5 f6 40. gxf6 Rxf6 41. Rxf6 Bxf6 42. Qf3 Bg7 43. Qf5 Ra8 44. Kg2 Rf8 45. Bf7 h6 46. Rf3 Ra8 47. Rg3 Qf6 48. Rg6 Qh4 49. Rg4 Qf6 50. Rg6 Qh4 51. Rxb6 Nxe4 52. Rg6 Ng5 53. d6 Nxf7 54. Qxf7 Qe4+ 55. Kg3 Qd3+ 56. Kh2 Rg8 57. d7 e4 58. Bd6 Qd2+ 59. Kh3 Qe3+ 60. Kh4 Qd4 0-1

[Event "Oberliga Ost B"]
[Site "?"]
[Date "2022.09.18"]
[Round "1.2"]
[White "Lesny, Florian"]
[Black "Heinatz, Thomas"]
[Result "1-0"]
[WhiteElo "2213"]
[BlackElo "2283"]
[PlyCount "83"]
[EventDate "2022.09.18"]
[EventType "team-tourn"]
[EventCountry "GER"]
[WhiteTeam "Homburg Bad SK"]
[BlackTeam "Schoeneck SF"]
[WhiteTeamCountry "GER"]
[BlackTeamCountry "GER"]

1. e4 c5 2. Nf3 d6 3. d4 cxd4 4. Nxd4 Nf6 5. Nc3 g6 6. Be3 Bg7 7. f3 a6 8. Qd2 h5 9. Be2 Nbd7 10. O-O Ne5 11. a4 b6 12. Nd5 Nxd5 13. exd5 Bb7 14. c4 Rc8 15. b3 Qd7 16. h3 Qc7 17. f4 Nd7 18. Bd3 Rg8 19. Rae1 Bf6 20. Qf2 Kf8 21. Qe2 h4 22. Bf2 Nc5 23. Bc2 a5 24. Nf3 Rh8 25. Bd4 Qd8 26. Bxf6 exf6 27. Qf2 f5 28. Qd4 f6 29. Ng5 Kg7 30. Ne6+ Nxe6 31. Rxe6 Rf8 32. Rfe1 Rf7 33. Qf2 Qc7 34. Qxh4 Qc5+ 35. Qf2 Qxf2+ 36. Kxf2 Bxd5 37. Rxd6 Bc6 38. Bd1 Rb7 39. Ree6 Rbc7 40. Rxf6 Be8 41. Rxb6 Rd8 42. Rfd6 1-0

[Event "Oberliga Ost B"]
[Site "?"]
[Date "2022.09.18"]
[Round "1.3"]
[White "Nazarenus, Moritz"]
[Black "Schmidt, Walter"]
[Result "1/2-1/2"]
[WhiteElo "2244"]
[BlackElo "2221"]
[PlyCount "34"]
[EventDate "2022.09.18"]
[EventType "team-tourn"]
[EventCountry "GER"]
[WhiteTeam "Schoeneck SF"]
[BlackTeam "Homburg Bad SK"]
[WhiteTeamCountry "GER"]
[BlackTeamCountry "GER"]

1. d4 d5 2. c4 c6 3. Nf3 Nf6 4. Nc3 e6 5. e3 Nbd7 6. Qc2 Bd6 7. b3 O-O 8. Bb2 Re8 9. Be2 dxc4 10. Bxc4 b5 11. Be2 a6 12. O-O Bb7 13. Rfd1 Qc7 14. Rac1 Rad8 15. a3 e5 16. h3 exd4 17. Nxd4 c5 1/2-1/2

[Event "Oberliga Ost B"]
[Site "?"]
[Date "2022.09.18"]
[Round "1.4"]
[White "Lenz, Jonas"]
[Black "Meyer, Kai Christian"]
[Result "1/2-1/2"]
[WhiteElo "2149"]
[BlackElo "2192"]
[PlyCount "80"]
[EventDate "2022.09.18"]
[EventType "team-tourn"]
[EventCountry "GER"]
[WhiteTeam "Homburg Bad SK"]
[BlackTeam "Schoeneck SF"]
[WhiteTeamCountry "GER"]
[BlackTeamCountry "GER"]

1. d4 d5 2. c4 c6 3. Nf3 Nf6 4. e3 a6 5. Nbd2 Bg4 6. h3 Bxf3 7. Nxf3 e6 8. Be2 Nbd7 9. O-O Bd6 10. b3 Ne4 11. Bb2 Qf6 12. Nd2 Nxd2 13. Qxd2 Qh4 14. f4 f5 15. Qe1 Qe7 16. Qg3 Nf6 17. Qh4 h6 18. Bh5+ Kd7 19. Bg6 Ne4 20. Qxe7+ Kxe7 21. Bh5 Ng3 22. Bf3 Nxf1 23. Kxf1 g5 24. g3 a5 25. a3 g4 26. hxg4 fxg4 27. Bxg4 Rag8 28. Bf3 Rxg3 29. Kf2 Rhg8 30. Rh1 R8g6 31. c5 Bc7 32. Bc3 Kd7 33. Rh2 Rg1 34. Be1 Bd8 35. Bh5 R6g3 36. Bf3 Rg6 37. Bh5 Rg7 38. Bf3 R1g6 39. Bh5 Rg1 40. Bf3 R1g6 1/2-1/2

[Event "Oberliga Ost B"]
[Site "?"]
[Date "2022.09.18"]
[Round "1.5"]
[White "Kirchner, Markus"]
[Black "Erdmann, Stefan"]
[Result "1-0"]
[WhiteElo "2057"]
[BlackElo "2169"]
[PlyCount "91"]
[EventDate "2022.09.18"]
[EventType "team-tourn"]
[EventCountry "GER"]
[WhiteTeam "Schoeneck SF"]
[BlackTeam "Homburg Bad SK"]
[WhiteTeamCountry "GER"]
[BlackTeamCountry "GER"]

1. e4 c5 2. Nf3 Nc6 3. Bb5 g6 4. O-O Bg7 5. c3 Qb6 6. Ba4 e6 7. Re1 Nge7 8. e5 O-O 9. Na3 a6 10. d4 cxd4 11. cxd4 Qc7 12. Bf4 b5 13. Bb3 Bb7 14. Rc1 Rac8 15. Nb1 Qb6 16. Nc3 Nb4 17. Qd2 Bxf3 18. gxf3 Nf5 19. Rcd1 Nc6 20. Be3 Qb7 21. Ne4 d6 22. Nxd6 Nxd6 23. exd6 Rcd8 24. d5 Ne5 25. Qe2 exd5 26. Bxd5 Qd7 27. Bg5 Rc8 28. Be7 Rfe8 29. Qe4 Kh8 30. f4 Qg4+ 31. Kh1 f5 32. Qe3 Nd7 33. Rg1 Qh5 34. Be6 Rcd8 35. Bxd8 Rxe6 36. Qg3 Qe2 37. Rge1 Qc2 38. Qf3 Re4 39. Kg2 Bd4 40. Ba5 b4 41. Bxb4 Bf6 42. Bc3 Qa4 43. Bxf6+ Nxf6 44. Qc3 Kg7 45. d7 Rxe1 46. Qxf6+ 1-0

[Event "Oberliga Ost B"]
[Site "?"]
[Date "2022.09.18"]
[Round "1.6"]
[White "Kaliski, Erwin"]
[Black "Weiss, Matthias"]
[Result "1/2-1/2"]
[WhiteElo "2221"]
[BlackElo "2030"]
[PlyCount "81"]
[EventDate "2022.09.18"]
[EventType "team-tourn"]
[EventCountry "GER"]
[WhiteTeam "Homburg Bad SK"]
[BlackTeam "Schoeneck SF"]
[WhiteTeamCountry "GER"]
[BlackTeamCountry "GER"]

1. e4 c5 2. c3 d5 3. exd5 Qxd5 4. d4 e6 5. Nf3 Nf6 6. Be2 cxd4 7. cxd4 Nc6 8. Nc3 Qd8 9. O-O Be7 10. Be3 O-O 11. Ne5 Nb4 12. Bf3 Nfd5 13. Qd2 b6 14. a3 Nxe3 15. Qxe3 Nc2 16. Qe4 Nxa1 17. Qxa8 Nb3 18. Nc6 Qd7 19. Rd1 Bf6 20. Qxa7 Qxa7 21. Nxa7 Nxd4 22. Be4 Ba6 23. f4 Ne2+ 24. Nxe2 Bxe2 25. Rd2 Bc4 26. Kf2 Rd8 27. Rxd8+ Bxd8 28. Nc6 Bc7 29. Ke3 g5 30. g3 gxf4+ 31. gxf4 Kg7 32. b4 b5 33. Ne5 Bb6+ 34. Kf3 Bb3 35. Bd3 Bd1+ 36. Kg3 Ba4 37. Nc6 f5 38. Kf3 Bd1+ 39. Be2 Ba4 40. h3 Kf6 41. Bd3 1/2-1/2

[Event "Oberliga Ost B"]
[Site "?"]
[Date "2022.09.18"]
[Round "1.7"]
[White "Mueller, Achim"]
[Black "Haucke, Alexander"]
[Result "1/2-1/2"]
[WhiteElo "2114"]
[BlackElo "2210"]
[PlyCount "41"]
[EventDate "2022.09.18"]
[EventType "team-tourn"]
[EventCountry "GER"]
[WhiteTeam "Schoeneck SF"]
[BlackTeam "Homburg Bad SK"]
[WhiteTeamCountry "GER"]
[BlackTeamCountry "GER"]

1. Nf3 Nf6 2. g3 g6 3. Bg2 Bg7 4. O-O O-O 5. c4 d6 6. Nc3 e5 7. d3 h6 8. Rb1 a5 9. a3 Be6 10. h3 Nbd7 11. Nd2 c6 12. b4 axb4 13. axb4 d5 14. Qc2 Qe7 15. e4 dxc4 16. Nxc4 Bxc4 17. dxc4 Rfd8 18. Be3 Nh7 19. Rfd1 Nhf8 20. c5 Ne6 21. Ne2 1/2-1/2

[Event "Oberliga Ost B"]
[Site "?"]
[Date "2022.09.18"]
[Round "1.8"]
[White "Dunsbach, Ralf"]
[Black "Kleschtschow, Juri"]
[Result "1/2-1/2"]
[WhiteElo "2144"]
[BlackElo "2105"]
[PlyCount "67"]
[EventDate "2022.09.18"]
[EventType "team-tourn"]
[EventCountry "GER"]
[WhiteTeam "Homburg Bad SK"]
[BlackTeam "Schoeneck SF"]
[WhiteTeamCountry "GER"]
[BlackTeamCountry "GER"]

1. c4 e5 2. g3 g6 3. Nc3 Bg7 4. Bg2 Nc6 5. e4 Nge7 6. Nge2 O-O 7. O-O Nd4 8. Nxd4 exd4 9. Ne2 c5 10. d3 d6 11. Rb1 a5 12. Nf4 Bd7 13. a4 Qc7 14. Bd2 Rae8 15. Qc2 b6 16. Rfe1 Qc8 17. b3 h6 18. h4 f6 19. Qd1 Bg4 20. Bf3 Bd7 21. Qc2 Kh7 22. Nd5 Nxd5 23. exd5 Rxe1+ 24. Rxe1 Re8 25. Qd1 Rxe1+ 26. Qxe1 Qe8 27. Qxe8 Bxe8 28. Bf4 Bf8 29. Be4 Kg7 30. g4 Bd7 31. Bf3 Kf7 32. Kf1 Bc8 33. Ke2 Bd7 34. Bg3 1/2-1/2

[Event "Oberliga Ost B"]
[Site "?"]
[Date "2022.09.18"]
[Round "1.1"]
[White "Siebarth, Raiko"]
[Black "Philipp, Mathias"]
[Result "0-1"]
[WhiteElo "2340"]
[BlackElo "2158"]
[PlyCount "120"]
[EventDate "2022.09.18"]
[EventType "team-tourn"]
[EventCountry "GER"]
[WhiteTeam "Stadtilm SG BW"]
[BlackTeam "Weimar SV Vimaria"]
[WhiteTeamCountry "GER"]
[BlackTeamCountry "GER"]

1. e4 c5 2. Nc3 Nc6 3. Nge2 Nf6 4. d4 cxd4 5. Nxd4 e5 6. Ndb5 d6 7. Bg5 a6 8. Na3 b5 9. Nd5 Be7 10. Bxf6 Bxf6 11. c4 b4 12. Nc2 O-O 13. Be2 a5 14. Qd3 Be6 15. Nde3 Bg5 16. O-O Qb6 17. Rad1 a4 18. Nd5 Bxd5 19. cxd5 Na5 20. a3 bxa3 21. bxa3 Rfc8 22. Nb4 Nb3 23. Nc6 Qc5 24. Qg3 h6 25. h4 Bf4 26. Qg4 Rc7 27. Nb4 Bc1 28. Na6 Rxa6 29. Bxa6 Qxa3 30. Rd3 Qb2 31. Rg3 g6 32. Bb5 Nd4 33. Bxa4 Ne2+ 34. Kh2 h5 35. Qf3 Bf4 36. Bd1 Nd4 37. Qd3 Rc3 38. Qa6 Qa3 39. Qxa3 Rxa3 40. Kh3 Bxg3 41. fxg3 Kg7 42. Rf2 Re3 43. Bf3 f5 44. exf5 Nxf5 45. Kh2 Ne7 46. Rd2 e4 47. Be2 Kf6 48. g4 hxg4 49. Bxg4 Ke5 50. Be6 Rd3 51. Ra2 Nxd5 52. Bf7 Ne7 53. Ra6 Kf6 54. Be8 Nf5 55. h5 gxh5 56. Bxh5 Kg5 57. Be2 Rd2 58. Bb5 e3 59. Kg1 Nd4 60. Bf1 Rd1 0-1

[Event "Oberliga Ost B"]
[Site "?"]
[Date "2022.09.18"]
[Round "1.2"]
[White "Aepfler, Christian"]
[Black "Mueller, Magnus"]
[Result "1/2-1/2"]
[WhiteElo "2167"]
[BlackElo "2004"]
[PlyCount "68"]
[EventDate "2022.09.18"]
[EventType "team-tourn"]
[EventCountry "GER"]
[WhiteTeam "Weimar SV Vimaria"]
[BlackTeam "Stadtilm SG BW"]
[WhiteTeamCountry "GER"]
[BlackTeamCountry "GER"]

1. e4 c5 2. c3 Nf6 3. e5 Nd5 4. Nf3 d6 5. d4 cxd4 6. cxd4 Nc6 7. Bc4 dxe5 8. dxe5 Be6 9. Qe2 g6 10. O-O Bg7 11. Nc3 O-O 12. Nxd5 Bxd5 13. Bxd5 Qxd5 14. Bf4 Rfd8 15. b3 Qd3 16. Qxd3 Rxd3 17. Rfd1 Rad8 18. Rxd3 Rxd3 19. Kf1 Kf8 20. Ke2 Rd5 21. Rd1 Rxd1 22. Kxd1 Ke8 23. Ke2 Kd7 24. Ke3 h6 25. Ke4 f5+ 26. exf6 exf6 27. Bd2 f5+ 28. Kd5 Ne7+ 29. Kc4 g5 30. a4 Nc6 31. Kd5 Ne7+ 32. Kc4 Nc6 33. Kd5 Ne7+ 34. Kc4 Nc6 1/2-1/2

[Event "Oberliga Ost B"]
[Site "?"]
[Date "2022.09.18"]
[Round "1.3"]
[White "Schneider, Christian"]
[Black "Bock, Marlon"]
[Result "1-0"]
[WhiteElo "2217"]
[BlackElo "1866"]
[PlyCount "63"]
[EventDate "2022.09.18"]
[EventType "team-tourn"]
[EventCountry "GER"]
[WhiteTeam "Stadtilm SG BW"]
[BlackTeam "Weimar SV Vimaria"]
[WhiteTeamCountry "GER"]
[BlackTeamCountry "GER"]

1. c4 e5 2. g3 Nf6 3. Bg2 d5 4. cxd5 Nxd5 5. Nc3 Nb6 6. Nf3 Nc6 7. d3 Be7 8. O-O O-O 9. a3 Be6 10. b4 a5 11. b5 Nd4 12. Nxd4 exd4 13. Na4 Bd5 14. Nxb6 cxb6 15. Bb2 Bxg2 16. Kxg2 Qd5+ 17. Kg1 Bg5 18. Qa4 Rad8 19. Bc1 Rfe8 20. Re1 Bxc1 21. Raxc1 Re5 22. Rc4 Qd7 23. Rec1 h6 24. Rc7 Qh3 25. Qc4 Rdd5 26. Rxb7 Qh5 27. Qc8+ Kh7 28. Rb8 Qxe2 29. Qh8+ Kg6 30. Rg8 Rd7 31. Rxg7+ Kf5 32. Qxh6 1-0

[Event "Oberliga Ost B"]
[Site "?"]
[Date "2022.09.18"]
[Round "1.4"]
[White "Philipp, Michael"]
[Black "Siebarth, Marco"]
[Result "1/2-1/2"]
[WhiteElo "2192"]
[BlackElo "2076"]
[PlyCount "69"]
[EventDate "2022.09.18"]
[EventType "team-tourn"]
[EventCountry "GER"]
[WhiteTeam "Weimar SV Vimaria"]
[BlackTeam "Stadtilm SG BW"]
[WhiteTeamCountry "GER"]
[BlackTeamCountry "GER"]

1. e4 c5 2. c3 Nf6 3. e5 Nd5 4. d4 cxd4 5. Nf3 e6 6. cxd4 b6 7. Bc4 Bb7 8. O-O Be7 9. Qe2 O-O 10. Bd2 d6 11. Nc3 Nxc3 12. Bxc3 Bxf3 13. Qxf3 d5 14. Bb5 a6 15. Bd3 b5 16. a3 Nc6 17. Qe3 Qb6 18. f4 h6 19. g4 a5 20. b3 b4 21. axb4 axb4 22. Bb2 Rxa1 23. Bxa1 Ra8 24. g5 hxg5 25. fxg5 g6 26. h4 Rxa1 27. Rxa1 Qxd4 28. Qxd4 Nxd4 29. Kf2 Nxb3 30. Ra8+ Kg7 31. Rb8 Nd4 32. Rb7 Kf8 33. Rb8+ Kg7 34. Rb7 Kf8 35. Rb8+ 1/2-1/2

[Event "Oberliga Ost B"]
[Site "?"]
[Date "2022.09.18"]
[Round "1.5"]
[White "Mehlhorn, Uwe"]
[Black "Riedel, Finn"]
[Result "0-1"]
[WhiteElo "2042"]
[BlackElo "2130"]
[PlyCount "28"]
[EventDate "2022.09.18"]
[EventType "team-tourn"]
[EventCountry "GER"]
[WhiteTeam "Stadtilm SG BW"]
[BlackTeam "Weimar SV Vimaria"]
[WhiteTeamCountry "GER"]
[BlackTeamCountry "GER"]

1. c4 e5 2. Nc3 Nc6 3. g3 f5 4. Bg2 Nf6 5. d3 Bc5 6. e3 f4 7. exf4 O-O 8. Nge2 Qe8 9. O-O d6 10. Ne4 Bb6 11. fxe5 Nxe5 12. Qb3 Nxe4 13. Bxe4 Nf3+ 14. Kg2 Bh3+ 0-1

[Event "Oberliga Ost B"]
[Site "?"]
[Date "2022.09.18"]
[Round "1.6"]
[White "Albrecht, Juergen"]
[Black "Neubauer, Andreas"]
[Result "1-0"]
[WhiteElo "2129"]
[BlackElo "2170"]
[PlyCount "117"]
[EventDate "2022.09.18"]
[EventType "team-tourn"]
[EventCountry "GER"]
[WhiteTeam "Weimar SV Vimaria"]
[BlackTeam "Stadtilm SG BW"]
[WhiteTeamCountry "GER"]
[BlackTeamCountry "GER"]

1. e4 c5 2. Nf3 d6 3. d4 cxd4 4. Nxd4 Nf6 5. Nc3 a6 6. Bg5 e6 7. f4 Qb6 8. Qd2 Nc6 9. Nb3 Qc7 10. O-O-O b5 11. a3 Bb7 12. Be2 h5 13. Bf3 Be7 14. Qe2 b4 15. axb4 Nxb4 16. Rd4 Nc6 17. Rc4 Qb6 18. e5 dxe5 19. fxe5 Ng4 20. Bxe7 Nxe7 21. Bxb7 Qxb7 22. Nc5 Qb8 23. Re1 Ng6 24. h3 N4xe5 25. Re4 f6 26. Nxe6 Ra7 27. Nd5 Qd6 28. Ndf4 Nxf4 29. Nxf4 O-O 30. Qxh5 Rc8 31. Qd1 Qb6 32. Qd5+ Kh7 33. Nd3 Nf7 34. Rh4+ Kg8 35. Rhe4 Rac7 36. Re8+ Rxe8 37. Rxe8+ Kh7 38. b3 Qg1+ 39. Kb2 g6 40. Re6 Kg7 41. Rxa6 Qd1 42. c4 Re7 43. Nf4 Qf1 44. Ne6+ Kh7 45. Qe4 Qf2+ 46. Ka3 Ne5 47. Qd4 Qg3 48. Nc5 f5 49. Qd5 Qc3 50. Ra8 Nxc4+ 51. Qxc4 Qa1+ 52. Kb4 Qxa8 53. Qh4+ Kg8 54. Qxe7 Qxg2 55. h4 Qg3 56. Nd7 Qf4+ 57. Kb5 Qh6 58. Nf6+ Kh8 59. Qf7 1-0

[Event "Oberliga Ost B"]
[Site "?"]
[Date "2022.09.18"]
[Round "1.7"]
[White "Schmidt, Daniel"]
[Black "Gulich, Christian"]
[Result "1-0"]
[WhiteElo "1900"]
[BlackElo "2029"]
[PlyCount "57"]
[EventDate "2022.09.18"]
[EventType "team-tourn"]
[EventCountry "GER"]
[WhiteTeam "Stadtilm SG BW"]
[BlackTeam "Weimar SV Vimaria"]
[WhiteTeamCountry "GER"]
[BlackTeamCountry "GER"]

1. d4 f5 2. Bf4 Nf6 3. e3 g6 4. h4 h6 5. Qf3 d6 6. Nc3 c6 7. Bd3 Be6 8. e4 fxe4 9. Nxe4 Nxe4 10. Bxe4 Bf5 11. Bxf5 Qa5+ 12. Bd2 Qxf5 13. Qxf5 gxf5 14. O-O-O Rg8 15. g3 Nd7 16. Nh3 Bg7 17. Rhe1 Kf7 18. Re2 e5 19. dxe5 dxe5 20. Bc3 Rad8 21. Ng1 e4 22. Bxg7 Rxg7 23. Red2 Ke7 24. Rd6 Rh7 25. Ne2 Rhh8 26. Nf4 Rhg8 27. Ng6+ Kf7 28. Rxd7+ Rxd7 29. Ne5+ 1-0

[Event "Oberliga Ost B"]
[Site "?"]
[Date "2022.09.18"]
[Round "1.8"]
[White "Homberger, Jan"]
[Black "Cress, Bastian"]
[Result "0-1"]
[WhiteElo "1884"]
[BlackElo "1612"]
[PlyCount "64"]
[EventDate "2022.09.18"]
[EventType "team-tourn"]
[EventCountry "GER"]
[WhiteTeam "Weimar SV Vimaria"]
[BlackTeam "Stadtilm SG BW"]
[WhiteTeamCountry "GER"]
[BlackTeamCountry "GER"]

1. e4 e5 2. Nf3 Nc6 3. Bb5 a6 4. Ba4 Nge7 5. c3 g6 6. d4 exd4 7. cxd4 d5 8. exd5 Nxd5 9. O-O b5 10. Bb3 Bg7 11. Bg5 f6 12. Re1+ Nce7 13. Qe2 Bb7 14. Bh4 Qd7 15. Nbd2 O-O-O 16. Ne4 Rde8 17. Nc5 Qc6 18. Qd2 Nf5 19. Bg3 h5 20. a4 h4 21. Bxd5 Rxe1+ 22. Rxe1 Qxd5 23. Bxh4 g5 24. Bg3 g4 25. Nxb7 Kxb7 26. Qf4 Nxg3 27. Qxg3 gxf3 28. Qxg7 Rg8 29. Qxf6 Rxg2+ 30. Kh1 Rxf2 31. axb5 Rf1+ 32. Rxf1 f2+ 0-1

[Event "Oberliga Ost B"]
[Site "?"]
[Date "2022.10.22"]
[Round "2.1"]
[White "Weber, Ulrich"]
[Black "Sivuk, Vitaly"]
[Result "0-1"]
[WhiteElo "2349"]
[BlackElo "2600"]
[PlyCount "130"]
[EventDate "2022.09.18"]
[EventType "team-tourn"]
[EventCountry "GER"]
[WhiteTeam "Hofheim SV II"]
[BlackTeam "Emstal Bad Wolfhagen SF"]
[WhiteTeamCountry "GER"]
[BlackTeamCountry "GER"]

1. Nf3 c5 2. g3 Nc6 3. Bg2 g6 4. d4 cxd4 5. Nxd4 Bg7 6. Nb3 d6 7. Nc3 Be6 8. e4 Qd7 9. h3 Bxc3+ 10. bxc3 Rc8 11. Be3 Nf6 12. f4 O-O 13. g4 Bc4 14. Qd2 Rfd8 15. g5 Nh5 16. Bf3 Ng7 17. Rd1 Qe8 18. Bg4 Rc7 19. h4 e5 20. f5 d5 21. f6 dxe4 22. Qf2 Rxd1+ 23. Kxd1 Be6 24. Be2 Nf5 25. Kc1 b6 26. h5 Nd8 27. Bd2 Nb7 28. Qh2 Qc6 29. hxg6 fxg6 30. Qxe5 e3 31. Be1 Qd6 32. Qxd6 Nbxd6 33. Rg1 Bc4 34. Bd3 Rd7 35. Rg4 b5 36. a3 Rc7 37. Nd4 Rc5 38. Kb2 Bxd3 39. cxd3 Nf7 40. Nb3 Rd5 41. d4 N5d6 42. Bh4 Rf5 43. Nc1 Rf1 44. Ne2 Rd1 45. Nf4 e2 46. Ng2 Nc4+ 47. Kc2 Nfd6 48. Rf4 Nf5 49. Bf2 a5 50. a4 bxa4 51. d5 Ne5 52. Rxa4 Rxd5 53. Re4 Nf3 54. Rxe2 Nxg5 55. Nf4 Rd8 56. Re5 Ra8 57. Rb5 Ne4 58. Bb6 a4 59. Nd5 a3 60. Kb3 Kf7 61. Bd4 Nxd4+ 62. cxd4 Ra7 63. Rb6 Rd7 64. Nb4 Rxd4 65. Nc6 Rd6 0-1

[Event "Oberliga Ost B"]
[Site "?"]
[Date "2022.10.22"]
[Round "2.2"]
[White "Larkin, Vladyslav"]
[Black "Zude, Erik"]
[Result "1/2-1/2"]
[WhiteElo "2451"]
[BlackElo "2379"]
[PlyCount "155"]
[EventDate "2022.09.18"]
[EventType "team-tourn"]
[EventCountry "GER"]
[WhiteTeam "Emstal Bad Wolfhagen SF"]
[BlackTeam "Hofheim SV II"]
[WhiteTeamCountry "GER"]
[BlackTeamCountry "GER"]

1. e4 c5 2. Ne2 d6 3. g3 g6 4. Bg2 Bg7 5. c3 e5 6. d4 Nc6 7. dxc5 dxc5 8. Qxd8+ Nxd8 9. Na3 Ne7 10. Nb5 O-O 11. Be3 b6 12. Nc7 Rb8 13. O-O-O Ne6 14. Nd5 Nxd5 15. exd5 Bb7 16. Rd2 Nc7 17. g4 Nb5 18. h4 Nd6 19. b3 Rbe8 20. g5 e4 21. Kc2 f6 22. Nf4 Bc8 23. Bh3 Nf5 24. d6 Rd8 25. Nd5 Nxe3+ 26. fxe3 Bxh3 27. Rxh3 Kf7 28. gxf6 Bxf6 29. h5 g5 30. Rg3 Rxd6 31. c4 h6 32. Rg4 Re8 33. Rf2 Kg7 34. Rg1 Bd8 35. Rgf1 Rd7 36. Rf5 Re6 37. a4 Re8 38. Kd2 Bc7 39. Rf6 Be5 40. Rg6+ Kh7 41. Ke2 Rg7 42. Rc6 g4 43. Nf6+ Bxf6 44. Rfxf6 g3 45. Rxh6+ Kg8 46. Rhg6 Rd8 47. Rxg7+ Kxg7 48. Rg6+ Kh7 49. Rxg3 Rd3 50. Rg4 Rxb3 51. Rxe4 Kh6 52. a5 Kxh5 53. Re7 Ra3 54. Rxa7 Rxa5 55. Rb7 Ra3 56. Rxb6 Rc3 57. Rb1 Rxc4 58. Kd3 Rh4 59. Rb5 Kg5 60. Rxc5+ Kf6 61. Rd5 Ke6 62. Rd4 Rxd4+ 63. Kxd4 Kd6 64. Ke4 Ke6 65. Kf4 Kf6 66. e4 Ke6 67. e5 Ke7 68. Ke4 Ke6 69. Kd4 Ke7 70. Kd5 Kd7 71. e6+ Ke7 72. Ke5 Ke8 73. Kf6 Kf8 74. Kg6 Ke7 75. Kf5 Ke8 76. Kf6 Kf8 77. e7+ Ke8 78. Ke6 1/2-1/2